Post captain / (Record no. 2946)
[ view plain ]
| 000 -LEADER | |
|---|---|
| fixed length control field | 02112cam a22003258i 4500 |
| 001 - CONTROL NUMBER | |
| control field | 2946 |
| 003 - CONTROL NUMBER IDENTIFIER | |
| control field | FISKH |
| 005 - DATE AND TIME OF LATEST TRANSACTION | |
| control field | 20240125081250.0 |
| 008 - FIXED-LENGTH DATA ELEMENTS--GENERAL INFORMATION | |
| fixed length control field | 210305t20211972nyu 000 0 eng |
| 010 ## - LIBRARY OF CONGRESS CONTROL NUMBER | |
| LC control number | 2021010375 |
| 020 ## - INTERNATIONAL STANDARD BOOK NUMBER | |
| International Standard Book Number | 9780393541595 |
| Qualifying information | (paperback) |
| 040 ## - CATALOGING SOURCE | |
| Original cataloging agency | DLC |
| Language of cataloging | eng |
| Transcribing agency | DLC |
| Description conventions | rda |
| Modifying agency | DLC |
| 042 ## - AUTHENTICATION CODE | |
| Authentication code | pcc |
| 050 10 - LIBRARY OF CONGRESS CALL NUMBER | |
| Classification number | PR6029.B55 |
| Item number | P67 2021 |
| 082 00 - DEWEY DECIMAL CLASSIFICATION NUMBER | |
| Classification number | 823/.914 |
| Edition number | 23 |
| 100 1# - MAIN ENTRY--PERSONAL NAME | |
| Personal name | O'Brian, Patrick |
| Dates associated with a name | 1914-2000. |
| Relator term | author. |
| 245 10 - TITLE STATEMENT | |
| Title | Post captain / |
| Statement of responsibility, etc. | Patrick O'Brian. |
| 264 #1 - PRODUCTION, PUBLICATION, DISTRIBUTION, MANUFACTURE, AND COPYRIGHT NOTICE | |
| Place of production, publication, distribution, manufacture | New York : |
| Name of producer, publisher, distributor, manufacturer | W. W. Norton & Company, |
| Date of production, publication, distribution, manufacture, or copyright notice | 1990 |
| 264 #4 - PRODUCTION, PUBLICATION, DISTRIBUTION, MANUFACTURE, AND COPYRIGHT NOTICE | |
| Date of production, publication, distribution, manufacture, or copyright notice | 1972 |
| 300 ## - PHYSICAL DESCRIPTION | |
| Extent | 527 pages : |
| Other physical details | illustrations ; |
| Dimensions | 21 cm. |
| 336 ## - CONTENT TYPE | |
| Content type term | text |
| Content type code | txt |
| Source | rdacontent |
| 337 ## - MEDIA TYPE | |
| Media type term | unmediated |
| Media type code | n |
| Source | rdamedia |
| 338 ## - CARRIER TYPE | |
| Carrier type term | volume |
| Carrier type code | nc |
| Source | rdacarrier |
| 490 0# - SERIES STATEMENT | |
| Series statement | The Aubrey/Maturin series |
| 500 ## - GENERAL NOTE | |
| General note | "First published in 1972 by William Collins Sons & Co. Ltd."--Title page verso. |
| 520 ## - SUMMARY, ETC. | |
| Summary, etc. | ""If Jane Austen had written rousing sea yarns, she would have produced something very close to the prose of Patrick O'Brian." -Time. It's 1802. The Treaty of Amiens has brought an end to the hostilities between Great Britain and France. Captain Jack Aubrey and his friend, naval surgeon Stephen Maturin, are enjoying the respite in the English countryside, besotted with two beautiful cousins, Sophie Williams and Diana Villiers-until Aubrey loses his fortune and they flee to France to escape his creditors. While in France, Napoleon smashes the Peace of Amiens and war begins anew. Aubrey and Maturin, now finding themselves behind enemy lines, make their way back to England. Maturin is sent to Spain on an intelligence-gathering mission and the now-solvent Aubrey assumes command of a strange warship, pursuing his quarry straight into the mouth of a French-held harbor. Amidst the rollicking adventures at sea and mishaps on land, Aubrey and Maturin's friendship is tested by their romantic entanglements with the cousins in this brilliant second installment of the epic series"-- |
| Assigning source | Provided by publisher. |
| 655 #7 - INDEX TERM--GENRE/FORM | |
| Genre/form data or focus term | Historical fiction. |
| Source of term | gsafd |
| 906 ## - LOCAL DATA ELEMENT F, LDF (RLIN) | |
| a | 0 |
| b | vip |
| c | orignew |
| d | 1 |
| e | ecip |
| f | 20 |
| g | y-gencatlg |
| 942 ## - ADDED ENTRY ELEMENTS (KOHA) | |
| Source of classification or shelving scheme | Dewey Decimal Classification |
| Koha item type | Books |
| Suppress in OPAC | No |
| Withdrawn status | Lost status | Source of classification or shelving scheme | Damaged status | Not for loan | Collection | Home library | Current library | Shelving location | Date acquired | Total Checkouts | Full call number | Barcode | Date last seen | Date last checked out | Price effective from | Koha item type |
|---|---|---|---|---|---|---|---|---|---|---|---|---|---|---|---|---|
| Dewey Decimal Classification | Fiction | Footprints International School Library Network Toul Kork Campus | Footprints International School Library Network Toul Kork Campus | 01/25/2024 | 1 | OBR 823.914 PR6029.B55 | 2024-0050 | 06/14/2024 | 05/10/2024 | 01/25/2024 | Books |
